Matematické metódy v reprodukcii ZF

Guardado en:
Detalles Bibliográficos
Autor principal: Tuhárská, Emília
Autor Corporativo: Vysoká škola ekonomická v Bratislave. Národohospodárska fakulta
Formato: Libro
Lenguaje:eslovaco
Publicado: Bratislava VŠE 1990
Edición:1. vyd.
Etiquetas: Agregar Etiqueta
Sin Etiquetas, Sea el primero en etiquetar este registro!

MARC

LEADER 00000nam a2200000 4500
001 c035447
005 20221215070823.2
041 0 |a slo 
044 |a SK 
245 1 0 |a Matematické metódy v reprodukcii ZF  |c Emília Tuhárská 
250 |a 1. vyd. 
264 1 |a Bratislava  |b VŠE  |c 1990 
300 |a 100 s. 
100 1 |a Tuhárská, Emília 
710 2 |a Vysoká škola ekonomická v Bratislave. Národohospodárska fakulta